000 00714nam a2200217 a 4500
001 000040345
005 20201002034055.0
008 130821s2005 mx 000 0 spa d
020 _a9703223745
040 _aDO-SdBNP
_bspa
_cBNPHU
100 1 _aNovás Calvo, Lino
_d1905-1983
_966641
245 1 3 _aNo sé quién soy /
_cLino Novás Calvo ; viñetas de Rigol.
260 _aMéxico :
_bUniversidad Nacional Autónoma de México,
_c2005.
300 _a48 p. ;
_c22 cm.
490 1 _aLunes
_v12
500 _aIncluye datos biográficos del autor p. 3
533 _aFacsímil:
_bMéxico
_d1945
700 1 _aRigol
_966627
710 0 _aUniversidad Nacional Autónoma de México
_942447
830 0 _aLunes
_v12
_966616
999 _c39835
_d39835